Francúzsko - slovenský a slovensko - francúzsky technický slovník /
Salvato in:
| Altri autori: | |
|---|---|
| Natura: | Libro |
| Lingua: | multilingua |
| Pubblicazione: |
Bratislava :
Alfa,
1971
|
| Edizione: | 2.rev.vyd. |
| Serie: | Edícia prekladových slovníkov
|
| Tags: |
Nessun Tag, puoi essere il primo ad aggiungerne!!
|
MARC
| LEADER | 00000nam a22000003a 4500 | ||
|---|---|---|---|
| 001 | stu2170 | ||
| 005 | 20150617225620.1 | ||
| 008 | 920728s1971----cs------------------mul-d | ||
| 040 | |a STU |b slo | ||
| 041 | 0 | |a mul | |
| 044 | |a cs | ||
| 080 | |a 801.316.4=40=854=854=40 | ||
| 080 | |a 62(038) |7 stu_us_auth*stu8387 | ||
| 100 | 1 | |a Mazák, Š |4 com | |
| 245 | 1 | |a Francúzsko - slovenský a slovensko - francúzsky technický slovník / |c Zost.: Mazák,ř | |
| 250 | |a 2.rev.vyd. | ||
| 260 | |a Bratislava : |b Alfa, |c 1971 | ||
| 300 | |a 1058 s | ||
| 830 | 0 | |a Edícia prekladových slovníkov | |
| 996 | |b E27393 |c E*27393 |l EE05 |s P |a 0 |w stu2170_0001 | ||
| 996 | |b E27500 |c E*27500 |l EE04 |s P |a 0 |w stu2170_0002 | ||
| 996 | |b E30013 |c E*30013 |l EE05 |s P |a 0 |w stu2170_0003 | ||
| 996 | |b E39707 |c E*39707 |l EE04 |s P |a 0 |w stu2170_0005 | ||
| 996 | |b E39708 |c E*39708 |l EE04 |s P |a 0 |w stu2170_0006 | ||
| 996 | |b E41974 |c E*41974 |l EE05 |s P |a 0 |w stu2170_0007 | ||
| 996 | |b E42846 |c E*42846 |l EE05 |s P |a 0 |w stu2170_0008 | ||
| 996 | |b E50400 |c E*50400 |l EE06 |s P |a 0 |w stu2170_0010 | ||